Online katalóg knižníc regiónu Turca

Sedliacke povstanie / (Record no. 21146)

MARC details
000 -LEADER
fixed length control field 01064nam a22003371 4500
001 - CONTROL NUMBER
control field 21146
003 - CONTROL NUMBER IDENTIFIER
control field CZ PrNK
005 - DATE AND TIME OF LATEST TRANSACTION
control field 20260217155417.0
007 - PHYSICAL DESCRIPTION FIXED FIELD--GENERAL INFORMATION
fixed length control field ta
008 - FIXED-LENGTH DATA ELEMENTS--GENERAL INFORMATION
fixed length control field 020316s1955 xo g 000 f slo
040 ## - CATALOGING SOURCE
Original cataloging agency ABA001
Language of cataloging cze
Transcribing agency ABA001
Modifying agency ABA001
041 1# - LANGUAGE CODE
Language code of text/sound track or separate title slo
Language code of original hrv
072 #7 - SUBJECT CATEGORY CODE
Subject category code 821.163
Subject category code subdivision Jihoslovanské literatury
Source Konspekt
080 ## - UNIVERSAL DECIMAL CLASSIFICATION NUMBER
Universal Decimal Classification number 821.163.42-31
Edition identifier MRF
080 ## - UNIVERSAL DECIMAL CLASSIFICATION NUMBER
Universal Decimal Classification number (0:82-311.6)
Edition identifier MRF
100 1# - MAIN ENTRY--PERSONAL NAME
Personal name Šenoa, August,
Dates associated with a name 1838-1881
Relationship aut
245 10 - TITLE STATEMENT
Title Sedliacke povstanie /
Statement of responsibility, etc. August Šenoa ; prel. a pozn. sprac. Andrej Vrbacký
250 ## - EDITION STATEMENT
Edition statement 1. vyd.
260 ## - PUBLICATION, DISTRIBUTION, ETC.
Place of publication, distribution, etc. Bratislava :
Name of publisher, distributor, etc. SVKL,
Date of publication, distribution, etc. 1955
300 ## - PHYSICAL DESCRIPTION
Extent 363 s. ;
Dimensions
490 1# - SERIES STATEMENT
Series statement Edícia svetových klasikov ;
Volume/sequential designation zv. 48
500 ## - GENERAL NOTE
General note Přeloženo z chorvatštiny
500 ## - GENERAL NOTE
General note 3300 výt.
655 #7 - INDEX TERM--GENRE/FORM
Genre/form data or focus term chorvatské romány
Source of term czenas
655 #7 - INDEX TERM--GENRE/FORM
Genre/form data or focus term historické romány
Source of term czenas
700 1# - ADDED ENTRY--PERSONAL NAME
Personal name Vrbacký, Andrej,
Dates associated with a name 1908-1974
Relationship trl
765 0# - ORIGINAL LANGUAGE ENTRY
Title Seljačka buna
830 #0 - SERIES ADDED ENTRY--UNIFORM TITLE
Uniform title Edícia svetových klasikov (Slovenské vydavateľstvo krásnej literatúry)
910 ## - USER-OPTION DATA (OCLC)
User-option data ABA001
942 ## - ADDED ENTRY ELEMENTS (KOHA)
Source of classification or shelving scheme Dewey Decimal Classification
Koha item type Krásna literatúra pre dospelých
Suppress in OPAC No
Holdings
Stav vyradenia Strata Poškodenie Spôsob nadobudnutia Domovská knižnica Aktuálna knižnica Dátum nadobudnutia Total checkouts Čiarový kód exemplára Date last seen Typ exemplára
      Dar Obecná knižnica Horná Štubňa Obecná knižnica Horná Štubňa 17.02.2026   4736201366 17.02.2026 Krásna literatúra pre dospelých
Projekt je podporený Slovenskou asociáciou knižníc
Prevádzkuje Turčianska knižnica Martin 2026